|
|
|
|
| LEADER |
00000nab a2200000 a 4500 |
| 001 |
vtls000303677 |
| 003 |
SK-MaSNL |
| 005 |
20260302214549.0 |
| 008 |
111201c1988 xo 0 slo |
| 015 |
|
|
|a SNBRB19rr/mm-uuuuu
|
| 035 |
|
|
|a CL0313796
|
| 040 |
|
|
|a SNKBUCL
|b slo
|c SNKBUCL
|e AACR2
|
| 041 |
0 |
|
|a slo
|
| 044 |
|
|
|a xo
|c SK
|
| 080 |
|
|
|a 791.44.071.2
|2 1981
|
| 080 |
|
|
|a 929 Maksakovová, Ľudmila
|2 1981
|
| 100 |
1 |
|
|a Maksakovová, Ľudmila
|4 aut
|9 941968
|
| 245 |
1 |
0 |
|a Ľudmila Maksakovová
|b Hovorí pre vás
|c Ľudmila Maksakovová, Eva Laucká
|
| 300 |
|
|
|b Obr. 1.
|
| 600 |
1 |
7 |
|a Maksakovová, Ľudmila
|d ?-
|x činnosť umelecká - rozhovory
|2 snkbucl
|9 941969
|
| 650 |
0 |
7 |
|a Maksakovová, Ľudmila
|2 snkbucl
|9 941970
|
| 655 |
|
7 |
|a články z novín a časopisov
|2 snkbucl
|9 267496
|
| 700 |
1 |
|
|a Laucká, Eva
|4 aut
|9 726879
|
| 773 |
0 |
|
|t Svet socializmu
|g Č. 4 (1988), s. 4 obálky
|
| 850 |
|
|
|a Slovenská národná knižnica v Martine
|a MTA001
|
| 852 |
|
|
|a SNK
|b KIS3GCP
|
| 958 |
|
|
|a RK
|
| 958 |
|
|
|a SU
|
| 992 |
|
|
|a RBX
|
| 999 |
|
|
|c 1498562
|d 1500492
|